000
00307nam a2200133Ia 4500
008
190216s9999||||xx |||||||||||||| ||und||
100
_a
Manjeet Singh
245
0
_a
Refresher Course In Mathematics
250
_a
new
260
_b
Dhanpat Rai
_c
1995
300
_a
46p
650
_a
Mathematics
942
_c
BK
999
_c
31171
_d
31171